000 01249nam a2200349 a 4500
999 _c1474
_d1474
001 2536173
003 OSt
005 20210302094546.0
008 931202s1993 ilua b 000 0 eng
010 _a 93238031
_z 93238803
020 _a1880696002 (v. 1)
020 _a1880696010 (v. 2)
040 _aDLC
_cDLC
050 0 0 _aRD93
_b.A37 1993
082 0 0 _aWO 700 A27a 1995
_220
100 _aAlexander, Raymond H.; Proctor, Herbert J.
_913921
245 0 0 _aAdvanced Trauma Life support Program for Physicians:
_bATLS
250 _a5th ed.
260 _aChicago;
_bAmerican College of Surgeons,
_cc1993.
300 _a2 v. :
_bill. ;
_c28 cm.
500 _a"Committee on Trauma, American College of Surgeons"--Cover.
500 _aVol. 2 has title: Advanced trauma life support course for physicians.
504 _aIncludes bibliographical references.
505 0 _a[1] Instructor manual -- [2] Student manual.
650 0 _aSurgery
_93887
650 0 _aTrauma
_93888
740 0 _aATLS.
740 0 _aAdvanced trauma life support course for physicians.
906 _a7
_bcbc
_corignew
_d2
_encip
_f19
_gy-gencatlg
942 _2z
_cSLOAN